The Constitution of the Islamic Republic of Pakistan, (Record no. 68066)

MARC details
000 -LEADER
fixed length control field 00771cam a22002291i 4500
001 - CONTROL NUMBER
control field sa 66001919
003 - CONTROL NUMBER IDENTIFIER
control field DLC
005 - DATE AND TIME OF LATEST TRANSACTION
control field 20260227112225.0
008 - FIXED-LENGTH DATA ELEMENTS--GENERAL INFORMATION
fixed length control field 770315s1964 xx 000 0 eng
010 ## - LIBRARY OF CONGRESS CONTROL NUMBER
LC control number sa 66001919
035 ## - SYSTEM CONTROL NUMBER
System control number (OCoLC)2803251
040 ## - CATALOGING SOURCE
Original cataloging agency DLC
Transcribing agency TxU-L
Modifying agency OCoLC
-- DLC
042 ## - AUTHENTICATION CODE
Authentication code premarc
050 00 - LIBRARY OF CONGRESS CALL NUMBER
Classification number LAW <Pakistan 1>
110 1# - MAIN ENTRY--CORPORATE NAME
Corporate name or jurisdiction name as entry element Pakistan.
245 14 - TITLE STATEMENT
Title The Constitution of the Islamic Republic of Pakistan,
Remainder of title as modified up to the 12th October, 1964.
260 ## - PUBLICATION, DISTRIBUTION, ETC.
Place of publication, distribution, etc. Karachi :
Name of publisher, distributor, etc. Manager of Publications, Govt. of Pakistan,
Date of publication, distribution, etc. 1964.
300 ## - PHYSICAL DESCRIPTION
Extent xiii, 260 p. :
Dimensions 25 cm.
500 ## - GENERAL NOTE
General note Cover title.
500 ## - GENERAL NOTE
General note At head of title : Govt. of Pakistan, Ministry of Law and Parliamentary Affairs (Law Division)
710 1# - ADDED ENTRY--CORPORATE NAME
Corporate name or jurisdiction name as entry element Pakistan.
Subordinate unit Law Division.

No items available.

Powered by Koha